00457nam a2200145 a 4500008004100000020001800041050001600059100002400075245011300099250001200212260004200224300001500266350000900281650002100290150817s1995 ||||||||||||||||| || u a9780133408942 aQP 34.5 Mar aMartini, Frederic H10aFundamentals of anatomy and physiology. (3rd ed.)cby Frederic H. Martini, Kathleen Welch and Martha Newsome a3rd ed. aEnglewood CliffsbPrentice Hallc1995 avii, 437p. a0.75 0aHUMAN PHYSIOLOGY